[Event "Landesklasse West 2014/2015"]
[Site "?"]
[Date "2014.12.21"]
[Round "5"]
[White "Mäurer, Michael"]
[Black "Röder, Detlef"]
[Result "0-1"]
[WhiteElo "1576"]
[BlackElo "1610"]
[PlyCount "110"]
[EventDate "2014.??.??"]
[WhiteTeam "Randspringer Bad Salzungen"]
[BlackTeam "SV Schmalkalden 04"]

1. d4 f5 2. e4 fxe4 3. Nc3 Nf6 4. Bg5 Nc6 5. d5 Ne5 6. Qd4 Nf7 7. h4 h6 8. Bxf6
exf6 9. Qxe4+ Qe7 10. Qxe7+ Bxe7 11. O-O-O Bc5 12. Re1+ Kd8 13. f4 d6 14. Bd3
Re8 15. Nf3 Be3+ 16. Kd1 Bxf4 17. Rxe8+ Kxe8 18. Re1+ Be5 19. Bg6 Bd7 20. b3
Kf8 21. Bxf7 Kxf7 22. Nxe5+ dxe5 23. a4 Rd8 24. Ke2 c6 25. dxc6 Bxc6 26. g3 Ke6
27. g4 Rd4 28. Rg1 a6 29. Ke3 Rf4 30. Ne2 Rf3+ 31. Kd2 Rh3 32. Ng3 Rxh4 33. Nf5
Rh2+ 34. Kd3 g6 35. Ng3 Bf3 36. Nf1 Be2+ 37. Kc3 Bxf1 38. Rxf1 Rg2 39. Rh1 Rxg4
40. Rxh6 f5 41. Rh2 f4 42. Rh7 f3 43. Kd2 Rf4 44. Ke1 g5 45. Rg7 Kf6 46. Rg8 e4
47. c4 Rg4 48. c5 Kf7 49. Rh8 e3 50. Rh1 Rh4 51. Rf1 g4 52. c6 Ke7 53. b4 Kd6
54. b5 axb5 55. axb5 Rh5 0-1

[Event "Landesklasse West 2014/2015"]
[Site "?"]
[Date "2014.12.21"]
[Round "5"]
[White "Krüger, Karsten"]
[Black "Geißhirt, Marco"]
[Result "0-1"]
[WhiteElo "1254"]
[BlackElo "1892"]
[PlyCount "54"]
[EventDate "2014.??.??"]
[WhiteTeam "Schachverein Stützerbach"]
[BlackTeam "SG Barchfeld/Breitungen"]

1. e4 g6 2. d4 Bg7 3. e5 c5 4. c3 Nc6 5. Bb5 cxd4 6. Bxc6 dxc6 7. cxd4 c5 8.
Be3 Qa5+ 9. Qd2 Qc7 10. Nf3 Bg4 11. Bf4 e6 12. Ng5 Bf5 13. O-O Rd8 14. Be3 Bxe5
15. Nf3 cxd4 16. Nxd4 Bxh2+ 17. Kh1 Be5 18. f3 Bxb1 19. Raxb1 Ne7 20. Qb4 Bxd4
21. Bxd4 Nc6 22. Qb5 Rxd4 23. Rfe1 O-O 24. Rbc1 Rfd8 25. Qb3 Rd2 26. Rxe6 fxe6
27. Qxe6+ Qf7 0-1

[Event "Landesklasse West 2014/2015"]
[Site "?"]
[Date "2014.12.21"]
[Round "5"]
[White "Rommel, Uwe"]
[Black "Latussek, Paul"]
[Result "1/2-1/2"]
[WhiteElo "1859"]
[BlackElo "1446"]
[PlyCount "35"]
[EventDate "2014.??.??"]
[WhiteTeam "SG Barchfeld/Breitungen"]
[BlackTeam "Schachverein Stützerbach"]

1. e4 c5 2. Nf3 Nc6 3. d4 cxd4 4. Nxd4 e6 5. Be2 Nf6 6. Nc3 Bb4 7. Ndb5 O-O 8.
a3 Ba5 9. Nd6 Ne8 10. Nxc8 Rxc8 11. O-O a6 12. Bd3 Bxc3 13. bxc3 Ne5 14. a4 Nf6
15. Ba3 Re8 16. Qe2 Nxd3 17. Qxd3 Rc6 18. c4 1/2-1/2

[Event "Landesklasse West 2014/2015"]
[Site "?"]
[Date "2014.12.21"]
[Round "5"]
[White "Löhn, Marko"]
[Black "Reum, Lutz"]
[Result "1/2-1/2"]
[WhiteElo "1553"]
[BlackElo "1800"]
[PlyCount "78"]
[EventDate "2014.??.??"]
[WhiteTeam "Schachverein Stützerbach"]
[BlackTeam "SG Barchfeld/Breitungen"]

1. e4 c6 2. d4 d5 3. Nc3 dxe4 4. f3 e3 5. Bxe3 Nf6 6. Bc4 Bf5 7. Nge2 e6 8. O-O
Bd6 9. Bf2 Nbd7 10. Bg3 Qc7 11. Bxd6 Qxd6 12. Ng3 Bg6 13. Nce4 Qb4 14. c3 Qe7
15. Bd3 O-O 16. Qd2 Rad8 17. Nxf6+ Nxf6 18. Bxg6 hxg6 19. Qf2 Rd5 20. Rfe1 Re8
21. Ne4 Rf5 22. Nxf6+ gxf6 23. g4 Rf4 24. Re4 Qd6 25. Qe3 Rxe4 26. fxe4 Kg7 27.
Rf1 e5 28. Rd1 Rh8 29. d5 c5 30. Rf1 Rh4 31. Qg3 g5 32. Rf2 Qd7 33. h3 Qa4 34.
Qf3 Rh6 35. b3 Qa6 36. c4 Qd6 37. Kg2 Rh8 38. Qc3 b6 39. a4 a5 1/2-1/2

[Event "Landesklasse West 2014/2015"]
[Site "?"]
[Date "2014.12.21"]
[Round "5"]
[White "Handschuh, Franz"]
[Black "Wolf, Tristan"]
[Result "0-1"]
[WhiteElo "1860"]
[BlackElo "1594"]
[PlyCount "104"]
[EventDate "2014.??.??"]
[WhiteTeam "Schachverein Stützerbach"]
[BlackTeam "SG Barchfeld/Breitungen"]

1. e4 c6 2. d4 d5 3. e5 Bf5 4. Bd3 Bxd3 5. Qxd3 e6 6. f4 Ne7 7. Nf3 Nf5 8. Nbd2
Be7 9. O-O Nd7 10. b3 O-O 11. Bb2 c5 12. c3 Rc8 13. Kh1 Qb6 14. g4 Nh6 15. h3
cxd4 16. cxd4 f6 17. exf6 gxf6 18. g5 Nf5 19. Rg1 Kh8 20. gxf6 Bxf6 21. Ne5
Nxe5 22. fxe5 Be7 23. Nf3 Rg8 24. Rg4 Rxg4 25. hxg4 Ng3+ 26. Kg2 Ne4 27. Rf1
Rf8 28. Nh2 Rxf1 29. Qxf1 Qb4 30. Nf3 Ng5 31. Qe2 Nxf3 32. Kxf3 Qa5 33. Bc1
Qc3+ 34. Be3 Bg5 35. Kf2 Qxe3+ 36. Qxe3 Bxe3+ 37. Kxe3 Kg7 38. Kf4 Kg6 39. a3
a5 40. b4 axb4 41. axb4 b5 42. Kf3 Kg5 43. Kg3 h6 44. Kf3 h5 45. gxh5 Kxh5 46.
Kg3 Kg5 47. Kf3 Kf5 48. Ke3 Kg4 49. Ke2 Kf4 50. Kd3 Kf3 51. Kd2 Ke4 52. Kc3 Ke3
0-1

[Event "Landesklasse West 2014/2015"]
[Site "?"]
[Date "2014.12.21"]
[Round "5"]
[White "Reum, Jonathan"]
[Black "Mages, Horst"]
[Result "1/2-1/2"]
[WhiteElo "1563"]
[BlackElo "1700"]
[PlyCount "88"]
[EventDate "2014.??.??"]
[WhiteTeam "SG Barchfeld/Breitungen"]
[BlackTeam "Schachverein Stützerbach"]

1. d4 Nf6 2. c4 g6 3. Nc3 Bg7 4. e4 d6 5. Nf3 O-O 6. Bg5 Na6 7. Be2 c5 8. O-O
h6 9. Bxf6 exf6 10. Qd2 b6 11. Rad1 Bb7 12. Rfe1 Nc7 13. Bd3 Ne6 14. Bc2 f5 15.
d5 Nd4 16. Nxd4 cxd4 17. Nb5 fxe4 18. Bxe4 Kh7 19. Nxd4 Qf6 20. b3 Rfe8 21. Nb5
Re7 22. Re2 Rae8 23. Rde1 a6 24. Na3 Bc8 25. f3 Qd4+ 26. Qxd4 Bxd4+ 27. Kf1 f5
28. Bd3 Rxe2 29. Rxe2 Rxe2 30. Kxe2 Kg7 31. Nc2 Be5 32. g3 a5 33. Na3 Bd7 34.
Nc2 g5 35. b4 f4 36. g4 Bc3 37. bxa5 bxa5 38. Na3 Bb4 39. Nb5 Bxb5 40. cxb5 Bc5
41. Bf5 Kf6 42. Kd3 Ke5 43. Kc4 Bb6 44. Be4 Kf6 1/2-1/2

[Event "Landesklasse West 2014/2015"]
[Site "?"]
[Date "2014.12.21"]
[Round "5"]
[White "Licht, Ralph"]
[Black "Abe, Rico"]
[Result "1-0"]
[WhiteElo "1667"]
[BlackElo "1664"]
[PlyCount "93"]
[EventDate "2014.??.??"]
[WhiteTeam "Schachverein Stützerbach"]
[BlackTeam "SG Barchfeld/Breitungen"]

1. d4 Nf6 2. Nf3 e6 3. e3 d5 4. Bd3 c5 5. b3 cxd4 6. exd4 Nc6 7. O-O a6 8. Bb2
Qc7 9. a3 Bd6 10. Re1 O-O 11. Nbd2 b5 12. Ne5 Nd7 13. Ndf3 Re8 14. Nxc6 Qxc6
15. Ne5 Nxe5 16. dxe5 Bc5 17. Qh5 g6 18. Qh4 Be7 19. Qf4 Bb7 20. Bd4 Bc5 21.
Re3 Bxd4 22. Qxd4 Rac8 23. Rd1 Qc5 24. Qh4 Qe7 25. Qf4 Qf8 26. h4 Qg7 27. Rg3
h5 28. Rg5 Kh8 29. g4 hxg4 30. h5 Rf8 31. hxg6 fxg6 32. Qh2+ Qh7 33. Qxh7+ Kxh7
34. Rxg6 Kh8 35. Rxe6 Rce8 36. Rh6+ Kg7 37. Rh7+ Kg8 38. Rxb7 Rxe5 39. Rb6 Ra8
40. Rg6+ Kf7 41. Rxg4 Rh8 42. Kg2 Rh6 43. Rh1 Rf6 44. Rh7+ Ke6 45. Rhg7 Rh6 46.
R7g6+ Rxg6 47. Rxg6+ 1-0

[Event "Landesklasse West 2014/2015"]
[Site "?"]
[Date "2014.12.21"]
[Round "5"]
[White "Heß, Wolfgang"]
[Black "Engel, Udo"]
[Result "1-0"]
[WhiteElo "1725"]
[BlackElo "1438"]
[PlyCount "35"]
[EventDate "2014.??.??"]
[WhiteTeam "SG Barchfeld/Breitungen"]
[BlackTeam "Schachverein Stützerbach"]

1. e4 e5 2. Nf3 Nc6 3. Bc4 Bc5 4. c3 d6 5. d4 exd4 6. cxd4 Bb4+ 7. Nc3 h6 8. d5
Ne5 9. Qa4+ Bd7 10. Qxb4 a5 11. Qb3 Nxc4 12. Qxc4 Ne7 13. Qd4 f6 14. O-O Ng6
15. Qd3 Ne5 16. Nxe5 fxe5 17. Qg3 g5 18. h4 1-0

[Event "Landesklasse West 2014/2015"]
[Site "?"]
[Date "2014.12.21"]
[Round "5"]
[White "Scheftlein, Richard"]
[Black "Meister, Matthias"]
[Result "1-0"]
[WhiteElo "2009"]
[BlackElo "1745"]
[PlyCount "37"]
[EventDate "2014.??.??"]

1. d4 Nf6 2. c4 d6 3. Nc3 Nbd7 4. Nf3 b6 5. e4 e5 6. Be2 Be7 7. O-O O-O 8. Qc2
h6 9. Rd1 Qe8 10. Nd5 Nxd5 11. cxd5 Qd8 12. Bb5 Bb7 13. Qa4 Nf6 14. dxe5 dxe5
15. Nxe5 a6 16. Bc6 Bxc6 17. Nxc6 Qe8 18. Bf4 Bd6 19. e5 1-0

[Event "Landesklasse West 2014/2015"]
[Site "?"]
[Date "2014.12.21"]
[Round "5"]
[White "Stöber, Alexander"]
[Black "Lehmann, Peter"]
[Result "1-0"]
[WhiteElo "1683"]
[BlackElo "1934"]
[PlyCount "84"]
[EventDate "2014.??.??"]

1. c4 e5 2. e4 Nf6 3. d3 d6 4. Nc3 Be6 5. g3 Nbd7 6. Bg2 Be7 7. Nge2 c6 8. O-O
a6 9. a4 Qc7 10. h3 h6 11. Be3 Nh7 12. f4 f6 13. Qd2 a5 14. b3 c5 15. Nb5 Qb6
16. Nec3 Nb8 17. Nd5 Bxd5 18. exd5 Na6 19. fxe5 fxe5 20. Be4 O-O-O 21. Rf7 Bf6
22. Rf1 Ng5 23. Bf5+ Kb8 24. Rd7 Rxd7 25. Bxd7 Qd8 26. Bf5 Nb4 27. h4 Nf7 28.
Bg6 Rf8 29. Bxf7 Rxf7 30. g4 Qd7 31. g5 hxg5 32. hxg5 Bxg5 33. Bxg5 Qg4+ 34.
Qg2 Rxf1+ 35. Kxf1 Qd1+ 36. Kf2 Nxd3+ 37. Kg3 Ne1 38. Qf2 Qxb3+ 39. Be3 Kc8 40.
Qf8+ Kd7 41. Qf7+ Kd8 42. Qc7+ Ke8 1-0

[Event "Landesklasse West 2014/2015"]
[Site "?"]
[Date "2014.12.21"]
[Round "5"]
[White "Jörges, Frank"]
[Black "Kirchberg, Hans-Georg"]
[Result "1/2-1/2"]
[WhiteElo "1848"]
[BlackElo "1661"]
[PlyCount "80"]
[EventDate "2014.??.??"]

1. d4 Nf6 2. c4 c5 3. Nf3 cxd4 4. Nxd4 e6 5. Nc3 a6 6. g3 Be7 7. Bg2 O-O 8. O-O
Nc6 9. e4 e5 10. Nf5 d6 11. Ne3 Rb8 12. a4 Be6 13. b3 Qd7 14. Ba3 Rfd8 15. Ra2
Bh3 16. Rd2 Bxg2 17. Kxg2 Nd4 18. f3 Qe6 19. Ned5 Nxd5 20. Nxd5 Bf8 21. Bb2 Nc6
22. Qe2 g6 23. Rfd1 h5 24. Rd3 Kh7 25. Bc1 Bh6 26. Bxh6 Kxh6 27. Qe3+ Kg7 28.
f4 exf4 29. Nxf4 Qf6 30. Rf1 Qe7 31. Nd5 Qe5 32. Qf3 Rd7 33. Nf6 Rdd8 34. g4
Qe6 35. Qf4 Ne5 36. Rg3 hxg4 37. Nxg4 Nxg4 38. Qxg4 Re8 39. Qxe6 Rxe6 40. Rg4
Rbe8 1/2-1/2

[Event "Landesklasse West 2014/2015"]
[Site "?"]
[Date "2014.12.21"]
[Round "5"]
[White "Strecker, Frank"]
[Black "Grube, Jan"]
[Result "0-1"]
[WhiteElo "1643"]
[BlackElo "1821"]
[PlyCount "62"]
[EventDate "2014.??.??"]

1. Nf3 c5 2. c4 Nc6 3. Nc3 g6 4. b3 Bg7 5. Bb2 Nf6 6. e3 O-O 7. d4 cxd4 8. exd4
d5 9. Be2 dxc4 10. bxc4 Qb6 11. Na4 Qc7 12. d5 Nb4 13. a3 Na6 14. Be5 Qd8 15.
O-O Bd7 16. Qb3 Qa5 17. Nc3 Rac8 18. Qxb7 Nc5 19. Qb4 Qd8 20. Rfd1 Ng4 21. Bd4
a5 22. Qb2 Bxd4 23. Rxd4 Rb8 24. Nb5 Qb6 25. a4 Qf6 26. Qa3 Rfc8 27. h3 Ne5 28.
Nxe5 Qxe5 29. Ra2 Bxb5 30. Qe3 Qxe3 31. fxe3 Bxa4 0-1

[Event "Landesklasse West 2014/2015"]
[Site "?"]
[Date "2014.12.21"]
[Round "5"]
[White "Webel, Jannik"]
[Black "Meyer, Peter"]
[Result "0-1"]
[WhiteElo "1651"]
[BlackElo "1579"]
[PlyCount "118"]
[EventDate "2014.??.??"]

1. d4 Nf6 2. c4 g6 3. Nc3 d5 4. Bg5 Ne4 5. Nxe4 dxe4 6. e3 c6 7. Ne2 Qa5+ 8.
Nc3 Qxg5 9. Nxe4 Qa5+ 10. Nc3 Bg7 11. Bd3 O-O 12. h4 Na6 13. c5 Nxc5 14. dxc5
Bxc3+ 15. bxc3 Qxc3+ 16. Ke2 Qxc5 17. Rc1 Qd5 18. Qc2 Be6 19. Bc4 Qxg2 20. Rcg1
Bxc4+ 21. Qxc4 Qd5 22. Qc2 Rad8 23. h5 Rd6 24. hxg6 fxg6 25. Qb3 e6 26. Qxd5
exd5 27. Rb1 b6 28. a4 Re8 29. a5 c5 30. axb6 axb6 31. Ra1 Re7 32. Ra8+ Kg7 33.
Rb8 d4 34. Rd1 Rde6 35. Rd3 h5 36. Kf3 dxe3 37. fxe3 Rf7+ 38. Kg3 g5 39. Rb3
Rff6 40. Rb7+ Kg6 41. Ra3 Re4 42. Rb3 Kf5 43. R7xb6 Rxb6 44. Rxb6 Rxe3+ 45. Kg2
Kg4 46. Rb5 Re2+ 47. Kg1 c4 48. Rc5 Rc2 49. Kf1 h4 50. Kg1 h3 51. Kh1 h2 52.
Rxg5+ Kf3 53. Rg3+ Ke4 54. Rg4+ Kd5 55. Rd4+ Kc5 56. Rd5+ Kb4 57. Rb5+ Kc3 58.
Rb3+ Kd2 59. Rb1 Rc1+ 0-1

[Event "Landesklasse West 2014/2015"]
[Site "?"]
[Date "2014.12.21"]
[Round "5"]
[White "Lorenz, Sebastian"]
[Black "Rosenberg, Erik"]
[Result "1/2-1/2"]
[WhiteElo "1558"]
[BlackElo "1633"]
[PlyCount "115"]
[EventDate "2014.??.??"]

1. e4 c6 2. d4 d5 3. e5 Bf5 4. h4 h6 5. g4 Be4 6. f3 Bg6 7. Bd3 Bxd3 8. Qxd3 e6
9. Qb3 Qc7 10. Be3 Nd7 11. f4 c5 12. c3 Ne7 13. Nf3 Nc6 14. Nbd2 cxd4 15. Nxd4
a6 16. a4 Na5 17. Qc2 Bc5 18. Nxe6 fxe6 19. Bxc5 Qxc5 20. Qg6+ Kf8 21. Qxe6 Qc6
22. Qf5+ Ke7 23. Nf3 Raf8 24. Nd4 Qb6 25. Qc2 Rxf4 26. e6 Re4+ 27. Kd1 Nc4 28.
Re1 Nc5 29. b4 Rxe1+ 30. Kxe1 Nxe6 31. Qg6 Rf8 32. a5 Qd6 33. Nf5+ Rxf5 34.
gxf5 Qe5+ 35. Kd1 Ne3+ 36. Kd2 Qxf5 37. Qxf5 Nxf5 38. Rh1 g5 39. hxg5 Nxg5 40.
Kd3 Ne4 41. Rf1 Nfg3 42. Rf4 Nxc3 43. Rh4 Nce4 44. Rxh6 Nd6 45. Rh7+ Nf7 46.
Kd4 Ne4 47. Rxf7+ Kxf7 48. Kxd5 Nf6+ 49. Kc5 Ne8 50. b5 Ke7 51. bxa6 bxa6 52.
Kb6 Kd6 53. Kxa6 Kc6 54. Ka7 Kc7 55. Ka6 Nd6 56. Ka7 Nf5 57. Ka6 Nd4 58. Ka7
1/2-1/2

[Event "Landesklasse West 2014/2015"]
[Site "?"]
[Date "2014.12.21"]
[Round "5"]
[White "Webel, Peter"]
[Black "Nolte, Rainer"]
[Result "1-0"]
[WhiteElo "1724"]
[BlackElo "1558"]
[PlyCount "77"]
[EventDate "2014.??.??"]

1. d4 d5 2. c4 c6 3. Nc3 Nf6 4. cxd5 cxd5 5. Bf4 e6 6. e3 a6 7. Nf3 Nc6 8. Bd3
Bd6 9. Bxd6 Qxd6 10. O-O O-O 11. Rc1 e5 12. dxe5 Nxe5 13. Nxe5 Qxe5 14. h3 b5
15. Qf3 Bb7 16. Qf5 Qxf5 17. Bxf5 g6 18. Bg4 Nxg4 19. hxg4 Rac8 20. Rfd1 Kg7
21. Rd4 f5 22. gxf5 Rxf5 23. Rcd1 Rc4 24. R4d2 Kh6 25. Ne2 g5 26. Nd4 Re5 27.
Kh2 Kg6 28. Rc2 Rxc2 29. Nxc2 Kf6 30. Rc1 Re7 31. Nd4 h6 32. Nb3 Kf5 33. Na5 h5
34. f3 Rd7 35. Rc5 Ba8 36. Kg3 Re7 37. Kf2 h4 38. Rc8 Bb7 39. Rb8 1-0

[Event "Landesklasse West 2014/2015"]
[Site "?"]
[Date "2014.12.21"]
[Round "5"]
[White "Walter, Martin"]
[Black "Hänisch, Christoph"]
[Result "0-1"]
[WhiteElo "1660"]
[BlackElo "1662"]
[PlyCount "106"]
[EventDate "2014.??.??"]

1. e4 c6 2. d4 d5 3. Nc3 dxe4 4. Nxe4 Nd7 5. Nf3 Ngf6 6. Nc3 g6 7. Be2 Bg7 8.
O-O Qc7 9. Be3 O-O 10. Qd2 b5 11. Bh6 Bb7 12. Bxg7 Kxg7 13. a3 a6 14. Rad1 c5
15. Rfe1 Rac8 16. Qe3 b4 17. Nb1 a5 18. h3 Nd5 19. Qd2 N7f6 20. c3 Nf4 21. dxc5
bxa3 22. Nxa3 Nxe2+ 23. Qxe2 e6 24. b4 Qf4 25. Rd4 Bxf3 26. Rxf4 Bxe2 27. Rxe2
Nd5 28. Rd4 Nxc3 29. Rc2 axb4 30. Rxb4 Rxc5 31. Nc4 Nd5 32. Rbb2 Rfc8 33. Ne3
Nxe3 34. Rxc5 Rxc5 35. fxe3 h5 36. Kf2 Kf6 37. Rb4 g5 38. g4 hxg4 39. hxg4 Rc2+
40. Kf3 Rc5 41. Ra4 Ke5 42. Re4+ Kd6 43. Rd4+ Ke7 44. e4 Rc3+ 45. Kf2 Kf6 46.
Rb4 Ke5 47. Rb7 f6 48. Rb6 Rd3 49. Ra6 Rd6 50. Rxd6 Kxd6 51. Ke2 Kc6 52. Kd3
Kc5 53. Kc3 e5 0-1

[Event "Landesklasse West 2014/2015"]
[Site "?"]
[Date "2014.12.21"]
[Round "5"]
[White "Minor, Viatcheslav"]
[Black "Klaus, Christian"]
[Result "0-1"]
[WhiteElo "2052"]
[BlackElo "1987"]
[PlyCount "52"]
[EventDate "2014.??.??"]
[WhiteTeam "SV Wartburgstadt Eisenach"]
[BlackTeam "SV Breitenworbis"]

1. e4 g6 2. d4 Bg7 3. c4 d6 4. Nc3 Nc6 5. Be3 e5 6. d5 Nce7 7. h3 f5 8. g4 f4
9. Bd2 Nf6 10. Be2 h6 11. b4 Nd7 12. Qb3 a5 13. Nb5 axb4 14. Bxb4 Nc5 15. Bxc5
dxc5 16. Rd1 O-O 17. Nf3 Bd7 18. O-O Nc8 19. d6 cxd6 20. Nxd6 Ba4 21. Nxb7 Qc7
22. Qd3 Bxd1 23. Qd5+ Kh7 24. Rxd1 Nb6 25. Qxc5 Qxb7 26. Rb1 Nd7 0-1

[Event "Landesklasse West 2014/2015"]
[Site "?"]
[Date "2014.12.21"]
[Round "5"]
[White "Petiko, Nikolai"]
[Black "Neef, Michael"]
[Result "1-0"]
[WhiteElo "1956"]
[BlackElo "1893"]
[PlyCount "53"]
[EventDate "2014.??.??"]
[WhiteTeam "SV Breitenworbis"]
[BlackTeam "SV Wartburgstadt Eisenach"]

1. e4 d5 2. exd5 Qxd5 3. Nc3 Qd6 4. d4 c6 5. Nge2 Bg4 6. f3 Bf5 7. Bf4 Qb4 8.
Qd2 Qxb2 9. Rb1 Qxc2 10. Qxc2 Bxc2 11. Rxb7 Nd7 12. Kd2 Bg6 13. d5 c5 14. Nb5
Rc8 15. Nxa7 Ra8 16. Nc3 e5 17. dxe6 fxe6 18. Ncb5 Rd8 19. Nc6 Rc8 20. Nc7+
Rxc7 21. Rxc7 Ngf6 22. Bc4 Nh5 23. Bg5 h6 24. Bxe6 Nb6 25. Re1 Bd6 26. Bf7+ Kf8
27. Re8# 1-0

[Event "Landesklasse West 2014/2015"]
[Site "?"]
[Date "2014.12.21"]
[Round "5"]
[White "Schwarz, Hilmar"]
[Black "Bötticher, Heinz-Wilfried"]
[Result "1/2-1/2"]
[WhiteElo "1834"]
[BlackElo "1825"]
[PlyCount "20"]
[EventDate "2014.??.??"]
[WhiteTeam "SV Wartburgstadt Eisenach"]
[BlackTeam "SV Breitenworbis"]

1. e4 c5 2. Nf3 Nc6 3. d4 cxd4 4. Nxd4 Nf6 5. Nc3 e5 6. Nxc6 bxc6 7. Bd3 Bb4 8.
Bd2 O-O 9. O-O d5 10. exd5 cxd5 1/2-1/2

[Event "Landesklasse West 2014/2015"]
[Site "?"]
[Date "2014.12.21"]
[Round "5"]
[White "Gast, Rainer"]
[Black "Königsdörfer, Gerhard"]
[Result "1/2-1/2"]
[WhiteElo "1829"]
[BlackElo "1886"]
[PlyCount "30"]
[EventDate "2014.??.??"]
[WhiteTeam "SV Breitenworbis"]
[BlackTeam "SV Wartburgstadt Eisenach"]

1. d4 d5 2. c4 dxc4 3. Nf3 a6 4. e3 Bg4 5. Bxc4 e6 6. h3 Bxf3 7. Qxf3 Nc6 8.
O-O Nf6 9. Nc3 Bd6 10. Rd1 O-O 11. Bd2 Qe7 12. Ne4 Nxe4 13. Qxe4 e5 14. Bc3
exd4 15. Qxe7 Bxe7 1/2-1/2

[Event "Landesklasse West 2014/2015"]
[Site "?"]
[Date "2014.12.21"]
[Round "5"]
[White "Hilbert, Stephan-Jörg"]
[Black "Hermann, Ingo"]
[Result "1/2-1/2"]
[WhiteElo "1698"]
[BlackElo "1808"]
[PlyCount "43"]
[EventDate "2014.??.??"]
[WhiteTeam "SV Wartburgstadt Eisenach"]
[BlackTeam "SV Breitenworbis"]

1. b4 d5 2. Bb2 e6 3. Nf3 Nf6 4. a3 c5 5. b5 Bd6 6. e3 Nbd7 7. Be2 O-O 8. d3 e5
9. O-O Qc7 10. Nfd2 b6 11. c4 d4 12. e4 Bb7 13. Nb3 Ne8 14. Bf3 g6 15. Bc1 Ng7
16. Bh6 Rfe8 17. h4 Nf8 18. N1d2 Rad8 19. Nc1 Nfe6 20. g3 Bf8 21. Ne2 Re7 22.
Bg2 1/2-1/2

[Event "Landesklasse West 2014/2015"]
[Site "?"]
[Date "2014.12.21"]
[Round "5"]
[White "Vergin, Marcel"]
[Black "Graupner, Markus"]
[Result "1/2-1/2"]
[WhiteElo "1793"]
[BlackElo "1692"]
[PlyCount "76"]
[EventDate "2014.??.??"]
[WhiteTeam "SV Breitenworbis"]
[BlackTeam "SV Wartburgstadt Eisenach"]

1. d4 d5 2. Bf4 Nf6 3. Nf3 e6 4. e3 c5 5. c3 Bd6 6. Bg3 O-O 7. Nbd2 Nc6 8. Bd3
c4 9. Bc2 b5 10. e4 dxe4 11. Nxe4 Nxe4 12. Bxe4 Bb7 13. O-O Bxg3 14. hxg3 Rb8
15. Qe2 Ne7 16. Bc2 Ng6 17. a4 a6 18. Ne5 Nxe5 19. Qxe5 Qd5 20. Qxd5 Bxd5 21.
axb5 axb5 22. Rfb1 b4 23. f3 b3 24. Bd1 Ra8 25. Kf2 Ra2 26. Rxa2 bxa2 27. Ra1
Ra8 28. Ke3 Kf8 29. Bc2 h6 30. Be4 Ke7 31. Kd2 Kd6 32. Kc2 e5 33. dxe5+ Kxe5
34. Bxd5 Kxd5 35. b3 cxb3+ 36. Kxb3 Rb8+ 37. Kc2 Ra8 38. Kb3 Rb8+ 1/2-1/2

[Event "Landesklasse West 2014/2015"]
[Site "?"]
[Date "2014.12.21"]
[Round "5"]
[White "Anschütz, Bernd"]
[Black "Leibeling, Lucian"]
[Result "1/2-1/2"]
[WhiteElo "1725"]
[BlackElo "1850"]
[PlyCount "29"]
[EventDate "2014.??.??"]
[WhiteTeam "SV Wartburgstadt Eisenach"]
[BlackTeam "SV Breitenworbis"]

1. e4 c5 2. c4 d6 3. g3 e5 4. Bg2 g6 5. Ne2 Bg7 6. Nbc3 Ne7 7. d3 O-O 8. O-O
Nbc6 9. a3 a6 10. b3 Be6 11. Ra2 Qd7 12. Nd5 Bxd5 13. cxd5 Nd4 14. Be3 Rac8 15.
Bxd4 1/2-1/2

[Event "Landesklasse West 2014/2015"]
[Site "?"]
[Date "2014.12.21"]
[Round "5"]
[White "Biel, Peter"]
[Black "Ulbricht, Olaf"]
[Result "1/2-1/2"]
[WhiteElo "1703"]
[BlackElo "1608"]
[PlyCount "20"]
[EventDate "2014.??.??"]
[WhiteTeam "SV Breitenworbis"]
[BlackTeam "SV Wartburgstadt Eisenach"]

1. e4 e5 2. Nf3 Nc6 3. d4 exd4 4. Nxd4 Nxd4 5. Qxd4 Qf6 6. Be3 Qxd4 7. Bxd4 f6
8. Nc3 Bb4 9. a3 Bxc3+ 10. Bxc3 d6 1/2-1/2

[Event "Landesklasse West 2014/2015"]
[Site "?"]
[Date "2014.12.21"]
[Round "5"]
[White "Recknagel, Michael"]
[Black "Kuntze, Andreas"]
[Result "1-0"]
[WhiteElo "2164"]
[BlackElo "1996"]
[PlyCount "73"]
[EventDate "2014.??.??"]

1. e4 d5 2. exd5 Nf6 3. Nf3 Nxd5 4. d4 Bg4 5. c4 Nb6 6. Nc3 e6 7. h3 Bh5 8. g4
Bg6 9. Ne5 N8d7 10. Nxg6 hxg6 11. c5 Nc8 12. Bg2 c6 13. O-O Be7 14. Be3 Nf6 15.
Bf4 Nd5 16. Bg3 Bh4 17. Nxd5 cxd5 18. Qb3 Qd7 19. Bxh4 Rxh4 20. Qg3 Rh7 21. b4
Ne7 22. Rfd1 O-O-O 23. c6 Qd6 24. cxb7+ Kxb7 25. Qd3 Rc8 26. b5 Rhh8 27. a4 Qb4
28. Bf1 Rc3 29. Qe2 Rhc8 30. b6 Qa5 31. bxa7 Kxa7 32. Qe5 Qc7 33. Qxg7 Rf3 34.
Rdc1 Qf4 35. Rxc8 Rxf2 36. Rc7+ Kb6 37. Qe5 1-0

[Event "Landesklasse West 2014/2015"]
[Site "?"]
[Date "2014.12.21"]
[Round "5"]
[White "Kachel, Alfred"]
[Black "Berghof, Axel"]
[Result "0-1"]
[WhiteElo "1951"]
[BlackElo "2046"]
[PlyCount "74"]
[EventDate "2014.??.??"]

1. d4 d5 2. c4 e6 3. Nc3 c6 4. g3 f5 5. Bg2 Nf6 6. Nh3 Bd6 7. Nf4 O-O 8. O-O
Qe8 9. c5 Bc7 10. Nd3 Nbd7 11. Bf4 e5 12. dxe5 Nxe5 13. Nxe5 Bxe5 14. Bxe5 Qxe5
15. e3 Ne4 16. Rc1 Bd7 17. Qd4 Qe7 18. f3 Ng5 19. b4 Rae8 20. Rfe1 Qf7 21. Qd2
Qh5 22. Qf2 Re7 23. Ne2 Rfe8 24. Nd4 Qh6 25. Re2 Nf7 26. f4 Qf6 27. Rd1 Nd8 28.
Bf3 Ne6 29. Nxe6 Bxe6 30. Kg2 Bf7 31. Rd4 g6 32. h3 h5 33. h4 Kh7 34. Kh2 Rxe3
35. Rdd2 d4 36. Kg2 Qe7 37. Kf1 Bc4 0-1

[Event "Landesklasse West 2014/2015"]
[Site "?"]
[Date "2014.12.21"]
[Round "5"]
[White "Feld-Gerdes, Wolfgang"]
[Black "Frank, Thomas"]
[Result "1-0"]
[WhiteElo "2035"]
[BlackElo "1922"]
[PlyCount "67"]
[EventDate "2014.??.??"]

1. e4 c5 2. Nc3 Nc6 3. Bb5 d6 4. Bxc6+ bxc6 5. f4 g6 6. Nf3 Bg7 7. O-O e6 8. d3
Ne7 9. e5 Nd5 10. Ne4 dxe5 11. fxe5 O-O 12. Bg5 f6 13. exf6 Bxf6 14. Nxf6+ Nxf6
15. c4 Qd6 16. Qe2 Nh5 17. Bh6 Ng7 18. Bxg7 Kxg7 19. Qe5+ Qxe5 20. Nxe5 Bb7 21.
Nd7 Rxf1+ 22. Rxf1 Re8 23. Nxc5 Bc8 24. Kf2 e5 25. Ke3 Bf5 26. b4 h5 27. a4 Rc8
28. Ne4 Rb8 29. b5 cxb5 30. axb5 Rd8 31. Ra1 Rd7 32. c5 Kh6 33. Nd6 Rc7 34. c6
1-0

[Event "Landesklasse West 2014/2015"]
[Site "?"]
[Date "2014.12.21"]
[Round "5"]
[White "Petiko, Jakob"]
[Black "Koch, Stefan"]
[Result "1/2-1/2"]
[WhiteElo "1919"]
[BlackElo "1851"]
[PlyCount "99"]
[EventDate "2014.??.??"]

1. e4 d5 2. exd5 Qxd5 3. Nc3 Qd6 4. g3 Nf6 5. h3 c6 6. Bg2 Bf5 7. d3 Nbd7 8.
Qf3 e6 9. Nge2 Be7 10. g4 Bg6 11. Nf4 e5 12. Nxg6 hxg6 13. O-O O-O 14. h4 Qd4
15. g5 Nh5 16. Ne4 Nb6 17. c3 Qa4 18. b3 Qa6 19. Re1 Nd5 20. Bf1 Qb6 21. Bb2 f6
22. gxf6 gxf6 23. d4 f5 24. Ng5 Bxg5 25. hxg5 e4 26. Qg2 Qd8 27. Bc1 Nxc3 28.
f3 Qxd4+ 29. Qf2 Qxf2+ 30. Kxf2 Rae8 31. Ba3 Rf7 32. Bc4 Nd5 33. Rad1 Rd7 34.
fxe4 fxe4 35. Rd4 b5 36. Bf1 Rf7+ 37. Kg1 e3 38. Bxb5 cxb5 39. Rxd5 Rf5 40.
Rxf5 gxf5 41. Bc5 f4 42. Kg2 Kf7 43. Kf3 Kg6 44. Bxe3 fxe3 45. Rxe3 Rf8+ 46.
Ke4 Rf2 47. a3 Kxg5 48. Kd4 Rf5 49. Re6 Nf4 50. Ra6 1/2-1/2